| 000 | 00548nam a2200205 a 4500 | ||
|---|---|---|---|
| 001 | 4511 | ||
| 003 | CO-ViMGA | ||
| 008 | 141112s2004 ck r 000 u spa d | ||
| 040 |
_aCO-ViMGA _bspa _cCO-ViMGA |
||
| 082 | 0 | 4 | _aMEVIGAEMP M177 |
| 100 | 1 |
_aMartinez de Sousa, Jose _955312 |
|
| 245 | 1 | 0 | _aPequeña historia del libro |
| 260 |
_aBarcelona : _bLabor, _c1992 |
||
| 300 | _a203 p : il | ||
| 490 | _aLabor, 26 | ||
| 590 | _aDatos de inventario : 05767 | ||
| 650 | 1 | 4 |
_aHISTORIA DEL LIBRO _955313 |
| 650 | 1 | 4 | _aLIBRO - HISTORIA |
| 942 |
_2ddc _cBK |
||
| 999 |
_c16521 _d16521 |
||